Statistics for Belarus First Level Subdivisions

Click here to take the quiz!

General Stats

  • This quiz has been taken 170 times
  • The average score is 6 of 7

Answer Stats

Voblastsi% Correct
Minsk
100%
Minsk
100%
Brest
81%
Gomel
75%
Vitebsk
69%
Grodno
65%
Mogilev
63%

Score Distribution

Percentile by Number Answered

Percent of People with Each Score

Your Score History

You have not taken this quiz